000 01189nam a22002297a 4500
005 20251215124102.0
008 251215s2024 xxk|||||o|||| 00| 0 eng d
041 _aeng
110 _aRoyal Institution of Chartered Surveyors
245 _aRICS Regulatory Tribunal Practice Direction C
_h[Electronic resource]
250 _aversion 2
260 _aLondon,
_bRoyal Institution of Chartered Surveyors,
_c2024
300 _a4p.
490 _aRICS Regulation
500 _aWith effect from 24 March 2024. This replaces version 1 which was in effect from 24 December 2021 to 23 March 2024. This Practice Direction should be considered in conjunction with RICS Regulatory Tribunal Practice Direction (Version 2 with effect from 2 March 2020).
520 _aThis Practice Direction sets out the procedure that RICS Regulatory Tribunal (‘the Tribunal’) will operate in respect of remote and hybrid hearings
650 _aPROFESSIONAL STANDARDS
651 _aInternational
710 _aRoyal Institution of Chartered Surveyors
856 _uhttps://www.rics.org/content/dam/ricsglobal/documents/regulation/Practice-direction-C_2024.pdf
_zAvailable free on RICS.org
942 _n0
999 _c122230
_d122230